Getting a PhD: an action plan to help manage your research, your supervisor and your project (Record no. 7459)

000 -LEADER
fixed length control field 00991 a2200193 4500
020 ## - INTERNATIONAL STANDARD BOOK NUMBER
International Standard Book Number 0415344980
040 ## - CATALOGING SOURCE
Original cataloging agency DLC
Language of cataloging DLC
082 00 - DEWEY DECIMAL CLASSIFICATION NUMBER
Classification number 378.24
100 1# - MAIN ENTRY--PERSONAL NAME
Personal name Finn, John A.,
245 10 - TITLE STATEMENT
Title Getting a PhD: an action plan to help manage your research, your supervisor and your project
Remainder of title an action plan to help manage your research, your supervisor and your project
Statement of responsibility, etc. John A. Finn.
260 ## - PUBLICATION, DISTRIBUTION, ETC.
Place of publication, distribution, etc. London ;
-- New York :
Name of publisher, distributor, etc. Routledge,
Date of publication, distribution, etc. 2005.
300 ## - PHYSICAL DESCRIPTION
Extent xii, 191 p. :
Other physical details ill. ;
Dimensions 22 cm.
440 #0 - SERIES STATEMENT/ADDED ENTRY--TITLE
Title Routledge study guides
505 0# - FORMATTED CONTENTS NOTE
Formatted contents note Introduction -- The PhD research degree -- You and your supervisor -- Project management -- The literature review -- Writing the thesis -- Publishing your research -- The PhD examination process.
650 #0 - SUBJECT ADDED ENTRY--TOPICAL TERM
Topical term or geographic name entry element Doctor of philosophy degree.
856 41 - ELECTRONIC LOCATION AND ACCESS
Materials specified Table of contents
Uniform Resource Identifier <a href="http://www.loc.gov/catdir/toc/ecip0421/2004018545.html">http://www.loc.gov/catdir/toc/ecip0421/2004018545.html</a>
856 41 - ELECTRONIC LOCATION AND ACCESS
Materials specified Publisher description
Uniform Resource Identifier <a href="http://www.loc.gov/catdir/enhancements/fy0651/2004018545-d.html">http://www.loc.gov/catdir/enhancements/fy0651/2004018545-d.html</a>
942 ## - ADDED ENTRY ELEMENTS (KOHA)
Koha item type Book
Call number prefix 378.24 FIN
Source of classification or shelving scheme
Holdings
Withdrawn status Lost status Damaged status Not for loan Collection code Permanent Location Current Location Shelving location Date acquired Source of acquisition Cost, normal purchase price Total Checkouts Full call number Barcode Date last seen Price effective from Koha item type Date last checked out
          Central Library (CL) Central Library (CL) General Stacks 10/28/2005 Allied Book Company 1629.90   378.24 FIN SEECS006618 02/20/2023 01/05/2017 Book  
          Central Library (CL) Central Library (CL) General Stacks 10/28/2005 Allied Book Company 1629.90 1 378.24 FIN SEECS006617 02/27/2026 01/05/2017 Book 02/16/2026
© 2023 Central Library, National University of Sciences and Technology. All Rights Reserved.